000 00940nam a22002777a 4500
003 CHAP
005 20220329133922.0
008 971013s1973 r 00010 d
010 _a12683
011 _a13655
035 _a17727
040 _cCHAP
090 _aTesis
100 0 0 _aHayem Moreno, Ernesto.
_953176
245 _aEfecto de la exposición a temperaturas de 44, 50, 56 y 62C sobre el letargo de la semilla de zacate Buffel (Cenchrus ciliaris L.)
260 _aMonterrey, N. L. :
_bEl Autor,
_c1973
300 _a60 h.
_b: gráfs.
502 _aTesis (Ing. Agrónomo Zootecnista) -- ITESM. Div. de Ciencias Agropecuarias y Marítimas
590 _aALEPH
_b10
_c20130110
_lUCH01
_h1231
590 _aBATCH-UPD
_b10
_c20130110
_lUCH01
_h1935
590 _aCONVERSION
_b10
_c20130109
_lUCH01
_h1308
650 1 4 _aCalor
_xEfecto en semillas.
_917575
901 _aBK
942 _cTESIS
949 _bBC
_cTES
_d-41620
_eTS1
_i17727
_si
999 _c12683
_d12683